Οικονομολόγοι και οικονομική πολιτική στη σύγχρονη Ελλάδα
Αποθηκεύτηκε σε:
| Κύριος συγγραφέας: | |
|---|---|
| Μορφή: | Βιβλίο |
| Γλώσσα: | Greek |
| Δημοσίευση: |
Αθήνα :
Μεταμεσονύκτιες Εκδόσεις,
2010.
|
| Θέματα: | |
| Ετικέτες: |
Προσθήκη ετικέτας
Δεν υπάρχουν, Καταχωρήστε ετικέτα πρώτοι!
|
MARC
| LEADER | 00000cam a2200000 a 4500 | ||
|---|---|---|---|
| 001 | 1/106949 | ||
| 008 | 150615s2010####gr ||| |||| ||gre|| | ||
| 020 | |a 9789607800428 | ||
| 040 | |a GR-MyUa |b gre |c GR-MyUa |e AACR2 | ||
| 041 | 0 | |a gre | |
| 082 | 7 | |a 330.9596 |2 (23) | |
| 100 | 1 | |a Ψαλιδόπουλος, Μιχάλης Μ., |d 1950- | |
| 245 | 1 | 0 | |a Οικονομολόγοι και οικονομική πολιτική στη σύγχρονη Ελλάδα / |c Μιχάλης Μ. Ψαλιδόπουλος. |
| 260 | |a Αθήνα : |b Μεταμεσονύκτιες Εκδόσεις, |c 2010. | ||
| 300 | |a 348 σ. ; |c 24 εκ. | ||
| 500 | |a Περιλαμβάνει κείμενα στα ελληνικά και αγγλικά. | ||
| 504 | |a Περιλαμβάνει βιβλιογραφία. | ||
| 651 | 0 | |a Greece |x Economic conditions. | |
| 651 | 0 | |a Greece |x Economic policy. | |
| 852 | |a INST |b CHIOS |c TSAMOYRGELIS |e 20190307 |h 330.9495 ΨΑΛ |p 005200038773 |q 005200038773 |t BK |y 0 | ||
| 852 | |a INST |b LESVOS |c EUDOXUS |e 20150615 |h 330.9495 ΨΑΛ |p 005100056973 |q 005100056973 |t EDX |y 0 | ||
| 920 | |a Εύδοξος |b Παραγγελία |y Λέσβος-ΤΚ |z 2015-04 | ||
| 970 | |a Τζαφέρη |b Ευαγγελία |z 15-06-02015 | ||